000 00528nam a2200217Ia 4500
003 OSt
005 20221005123831.0
006 a|||||r|||| 00| 0
007 ta
008 221004b |||||||| |||| 00| 0 mal d
024 _a62381
037 _cTextual
040 _aCRL
_cCRL
_bmal
041 _2mal
_amal
082 _aP32, J7
100 _aMarare Kutti Krishna
_9634290
245 0 _aMalayala Syili
260 _c1957
942 _hP32, J7
_cTEXL
_2cc
999 _c1048644
_d1048644